000 00457nam a2200181Ia 4500
001 14046
005 20260306164845.0
008 260306t2011||||xx |||||||||||||| ||spa||
041 _aESP
082 _a006.3
_bK21
100 _aKantardzic, Mehmed
_eAUT
245 0 _aData mining:
_bconcepts, models, methods, and algorithms
260 _c2011
300 _axvii, 534 páginas :
_c24 cm.
650 _aGEN
654 _aCCC
942 _cLIB
_dJUS
_fJUS
_2ddc
_n
999 _c14046
_d14046